[Event "BCF-ch Seniors 50 U150"]
[Site "Coventry"]
[Date "2015.07.27"]
[Round "1"]
[White "Musgrove, Peter"]
[Black "Duffell, Andrew"]
[Result "1-0"]
[WhiteElo "1578"]
[BlackElo "124"]
[PlyCount "75"]
[EventDate "2015.07.27"]
[EventType "swiss"]
[EventRounds "5"]
[EventCountry "ENG"]
[SourceTitle "CBM 167 Extra"]
[Source "ChessBase"]
[SourceDate "2015.09.14"]
[SourceVersion "1"]
[SourceVersionDate "2015.09.14"]
[SourceQuality "1"]

1. e4 c6 2. d4 d5 3. exd5 cxd5 4. c4 Nf6 5. c5 Bf5 6. Nc3 Nc6 7. Bb5 g6 8. Nf3 Bg7 9. Ne5 Rc8 10. Qa4 Qc7 11. Bf4 a6 12. Bxc6+ bxc6 13. Qxa6 0-0 14. Nxg6 Ra8 15. Bxc7 Rxa6 16. Nxe7+ Kh8 17. Nxf5 Ra7 18. Be5 Re8 19. Nxg7 Kxg7 20. 0-0 Kg6 21. Bxf6 Kxf6 22. Rfe1 Rb8 23. b3 h5 24. Rab1 Rb4 25. Red1 Kg6 26. Na4 f5 27. a3 Rb8 28. f4 Kf6 29. Kf2 Kg6 30. Ke2 h4 31. Kd3 Rg8 32. Rd2 Rb8 33. Rbb2 Kf7 34. Kc3 Kf6 35. Ra2 Rab7 36. b4 Kf7 37. Nb2 Kf6 38. Nd3 1-0